000 00576nam a2200193 4500
001 111686
003 ES-MaACL
005 20230906185337.0
007 t|
008 061121s1949 sp r ||||1| spa d
245 0 0 _aOrganización y proyectos de gallineros.
260 _aMadrid :
_bMinisterio de Agricultura,
_c1949.
300 _a137 p., 8 lám. :
_bil. ;
_c21 cm.
490 1 _aManuales técnicos
710 1 _aEspaña.
_bMinisterio de Agricultura.
_93837
830 0 _aManuales técnicos
_9181659
852 _aES-MaACL
_jD-5838
_bR.29716
999 _c111686
_d111686